000 00983nam a2200253Ia 4500
003 OSt
005 20221005112040.0
006 a|||||r|||| 00| 0
007 ta
008 221004b |||||||| |||| 00| 0 hin d
024 _a107272
037 _cTextual
040 _aCRL
_cCRL
_bhin
041 _2hin
_ahin
082 _aO122,3K22,16, 152K1
100 _aश्रीवास्तव, जी. पी.
245 0 _aमार मारकर हकीम
_b ऑंखों में धूल और हवाई डाक्टर
246 _aMār mārakar hakīma: ऑankhoan mean dhūl aur havāī ḍākṭara
260 _aवाराणसी
_bहिन्दी पुस्तक एजेन्सी भारत
_c1961
300 _a142पृ0
_ccm.
650 _aहिन्दी साहित्य
942 _hO122,3K22,16, 152K1
_cTEXL
_2cc
999 _c1023668
_d1023668